Mythology Words in Book Titles Quiz Stats

 Plays Quiz Updated Aug 12, 2017

Support Sporcle.
Go Orange.
Score 0/30 Timer 07:00
1 Play Today
% Correct
Giant
91.6%
Phoenix
90.4%
Fate
87.7%
Mermaid
87.2%
Pan
86.1%
Paris
78.8%
Artemis
78.1%
Greek
77.3%
Andromeda
76.4%
Dragons
76.3%
Hercules
75.6%
Mystic
74.9%
Atlas
74.8%
Legend
74.2%
Immortal
73.8%
% Correct
Jackal
69.9%
Prometheus
69.4%
Omens
64.9%
Poseidon
64.5%
Psyche
64.1%
Prophecy
61.6%
Labyrinth
61.1%
Griffin
60%
Mars
55.6%
Unicorn
54.7%
Titan
43.2%
Narcissus
38.1%
Icarus
35.2%
Sirens
32.6%
Valhalla
26.6%

You're not logged in!

Compare scores with friends on all Sporcle quizzes.
OR
Log In
Forgot?

From the Vault

Lead Singer Match-Up

by dragon86

There's almost too much ego here for one quiz.
Remove Ads.
Support Sporcle.
Get the best of Sporcle when you Go Orange. This ad-free experience offers more features, more stats, and more fun while also helping to support Sporcle. Thank you for becoming a member.

Show Comments

Extras

Top Quizzes Today


Score Distribution

Your Account Isn't Verified!

In order to create a playlist on Sporcle, you need to verify the email address you used during registration. Go to your Sporcle Settings to finish the process.

Report this User

Report this user for behavior that violates our Community Guidelines.

Details: